书目信息 |
| 题名: |
走进河北科技馆
|
|
| 作者: | 杨文志 主编 | |
| 分册: | ||
| 出版信息: | 北京 中国铁道出版社 2006 |
|
| 页数: | 124页 | |
| 开本: | 26cm | |
| 丛书名: | ||
| 单 册: | ||
| 中图分类: | N282.22 | |
| 科图分类: | ||
| 主题词: | 自然科学--展览会 , 自然科学--展览馆 | |
| 电子资源: | ||
| ISBN: | 7-113-07001-9 | |
| 000 | 00588nam0 2200205 450 | |
| 001 | 0730958209 | |
| 005 | 20070712105951.85 | |
| 010 | @a7-113-07001-9@dCNY15.40 | |
| 100 | @a20070705d2006 km y0chiy0120 ea | |
| 101 | 0 | @achi |
| 102 | @aCN@b110000 | |
| 200 | 1 | @a走进河北科技馆@Azou jin he bei ke ji guan@f杨文志主编@Fyang wen zhi zhu bian |
| 210 | @a北京@c中国铁道出版社@d2006 | |
| 215 | @a124页@d26cm | |
| 606 | 0 | @a自然科学@x展览会 |
| 606 | 0 | @a自然科学@x展览馆 |
| 690 | @aN282.22@v3 | |
| 701 | 0 | @a杨文志@Ayang wen zhi@4主编 |
| 801 | 0 | @aCN@bPFT@c20070712 |
| 905 | @a10447@dN282.22@e76 | |
| 走进河北科技馆/杨文志主编.-北京:中国铁道出版社,2006 |
| 124页;26cm |
| ISBN 7-113-07001-9:CNY15.40 |
| ● |
| 相关链接 |
|
|
|
|
正题名:走进河北科技馆
索取号:N282.22/76
 
预约/预借
| 序号 | 登录号 | 条形码 | 馆藏地/架位号 | 状态 | 备注 |
| 1 | 0765355 | 207653555 | 第二样本阅览室/ [索取号:N282.22/76] | 在馆 |